Tiếng Anh chuyên ngành Giáo trình dành cho Sinh viên Đại học giáo dục chính trị
vv
Đã lưu trong:
| Tác giả chính: | |
|---|---|
| Định dạng: | Sách |
| Năm xuất bản: |
Quảng Bình
Trường Đại học Quảng Bình
2016
|
| Chủ đề: | |
| Tags: |
Thêm thẻ
Không có thẻ, Hãy là người đầu tiên gắn thẻ bản ghi này!
|
| LEADER | 00656nam a2200169 4500 | ||
|---|---|---|---|
| 999 | |c 14514 |d 14514 | ||
| 082 | |a 420 |b NG527TH | ||
| 100 | |a Nguyễn Thị Hồng Thắm | ||
| 245 | |a Tiếng Anh chuyên ngành |c Nguyễn Thị Hồng Thắm |b Giáo trình dành cho Sinh viên Đại học giáo dục chính trị | ||
| 260 | |a Quảng Bình |b Trường Đại học Quảng Bình |c 2016 | ||
| 300 | |a 17tr. |c 29cm | ||
| 520 | |a vv | ||
| 653 | |a Ngôn ngữ | ||
| 653 | |a Tiếng Anh | ||
| 653 | |a Giáo trình | ||
| 942 | |2 ddc |c TC | ||
| 952 | |0 0 |1 0 |2 ddc |4 0 |6 420_000000000000000_NG527TH |7 0 |8 400 |9 111514 |a qbu |b qbu |c D4 |d 2017-08-15 |o 420 NG527TH |p BG509.C1 |r 2017-08-15 |w 2017-08-15 |y TC | ||